<?xml version="1.0" encoding="UTF-8"?>
<record
    xmlns:xsi="http://www.w3.org/2001/XMLSchema-instance"
    xsi:schemaLocation="http://www.loc.gov/MARC21/slim http://www.loc.gov/standards/marcxml/schema/MARC21slim.xsd"
    xmlns="http://www.loc.gov/MARC21/slim">

  <leader>01227nam0a2200313   4500</leader>
  <controlfield tag="001">RU\NLR\bibl\47582</controlfield>
  <controlfield tag="005">20260405140123.0</controlfield>
  <datafield tag="010" ind1=" " ind2=" ">
    <subfield code="a">5-90014-84-0</subfield>
    <subfield code="9">500</subfield>
  </datafield>
  <datafield tag="021" ind1=" " ind2=" ">
    <subfield code="a">RU</subfield>
    <subfield code="b">99-24209</subfield>
    <subfield code="9">1177</subfield>
  </datafield>
  <datafield tag="035" ind1=" " ind2=" ">
    <subfield code="a">(NLR Aleph) 000046422</subfield>
  </datafield>
  <datafield tag="090" ind1=" " ind2=" ">
    <subfield code="a">246205</subfield>
    <subfield code="c">246205</subfield>
  </datafield>
  <datafield tag="100" ind1=" " ind2=" ">
    <subfield code="a">19990916d1998    |||y0rusy50      ca</subfield>
  </datafield>
  <datafield tag="101" ind1="1" ind2=" ">
    <subfield code="a">rus</subfield>
    <subfield code="c">eng</subfield>
  </datafield>
  <datafield tag="102" ind1=" " ind2=" ">
    <subfield code="a">RU</subfield>
  </datafield>
  <datafield tag="105" ind1=" " ind2=" ">
    <subfield code="a">y   |||||||||</subfield>
  </datafield>
  <datafield tag="200" ind1="1" ind2=" ">
    <subfield code="a">&#x421;&#x435;&#x440;&#x432;&#x435;&#x440; Oracle8&#x442;&#x43C;</subfield>
    <subfield code="e">&#x421;&#x43F;&#x440;&#x430;&#x432;. &#x440;&#x443;&#x43A;&#x43E;&#x432;&#x43E;&#x434;&#x441;&#x442;&#x432;&#x43E;</subfield>
    <subfield code="e">&#x423;&#x447;&#x435;&#x442;. &#x43D;&#x43E;&#x43C;&#x435;&#x440; &#x410;58242-01</subfield>
    <subfield code="f">[&#x41F;&#x435;&#x440;. &#x441; &#x430;&#x43D;&#x433;&#x43B;. &#x411;.&#x418;. &#x41A;&#x43B;&#x43E;&#x447;&#x43A;&#x43E;&#x432;</subfield>
    <subfield code="g">&#x420;&#x435;&#x434;. &#x410;.&#x41F;. &#x421;&#x43E;&#x43A;&#x43E;&#x43B;&#x43E;&#x432;]</subfield>
  </datafield>
  <datafield tag="205" ind1=" " ind2=" ">
    <subfield code="a">&#x412;&#x435;&#x440;&#x441;&#x438;&#x44F; 8.0.4</subfield>
  </datafield>
  <datafield tag="210" ind1=" " ind2=" ">
    <subfield code="a">&#x41F;&#x440;&#x43E;&#x442;&#x432;&#x438;&#x43D;&#x43E;</subfield>
    <subfield code="c">&#x417;&#x410;&#x41E; &#x420;&#x414;&#x422;&#x415;&#x425;</subfield>
    <subfield code="d">1998</subfield>
  </datafield>
  <datafield tag="215" ind1=" " ind2=" ">
    <subfield code="a">&#x420;&#x430;&#x437;&#x434;. &#x43F;&#x430;&#x433;.</subfield>
    <subfield code="d">23</subfield>
  </datafield>
  <datafield tag="320" ind1=" " ind2=" ">
    <subfield code="a">&#x41F;&#x440;&#x435;&#x434;&#x43C;. &#x443;&#x43A;&#x430;&#x437;. &#x432; &#x43A;&#x43E;&#x43D;&#x446;&#x435; &#x43A;&#x43D;.</subfield>
  </datafield>
  <datafield tag="606" ind1="0" ind2=" ">
    <subfield code="a">ORACLE 8.0, &#x441;&#x438;&#x441;&#x442;&#x435;&#x43C;&#x430; &#x443;&#x43F;&#x440;&#x430;&#x432;&#x43B;&#x435;&#x43D;&#x438;&#x44F; &#x431;&#x430;&#x437;&#x430;&#x43C;&#x438; &#x434;&#x430;&#x43D;&#x43D;&#x44B;&#x445;</subfield>
    <subfield code="j">&#x421;&#x43F;&#x440;&#x430;&#x432;&#x43E;&#x447;&#x43D;&#x438;&#x43A;&#x438;</subfield>
    <subfield code="9">2081621</subfield>
    <subfield code="3">RU\NLR\auth\661257609</subfield>
  </datafield>
  <datafield tag="686" ind1=" " ind2=" ">
    <subfield code="a">&#x417;988.02-018.2&#x44F;22</subfield>
  </datafield>
  <datafield tag="702" ind1=" " ind2="1">
    <subfield code="4">340</subfield>
    <subfield code="8">rus</subfield>
    <subfield code="7">ca</subfield>
    <subfield code="a">&#x421;&#x43E;&#x43A;&#x43E;&#x43B;&#x43E;&#x432;</subfield>
    <subfield code="c">&#x441;&#x43F;&#x435;&#x446;&#x438;&#x430;&#x43B;&#x438;&#x441;&#x442; &#x432; &#x43E;&#x431;&#x43B;. &#x438;&#x43D;&#x444;&#x43E;&#x440;&#x43C;. &#x441;&#x438;&#x441;&#x442;&#x435;&#x43C;</subfield>
    <subfield code="b">&#x410;. &#x41F;.</subfield>
    <subfield code="3">RU\NLR\auth\7756403</subfield>
    <subfield code="9">39335</subfield>
  </datafield>
  <datafield tag="801" ind1=" " ind2="0">
    <subfield code="a">RU</subfield>
    <subfield code="b">NLR</subfield>
    <subfield code="c">19990916</subfield>
    <subfield code="g">PSBO</subfield>
  </datafield>
  <datafield tag="801" ind1=" " ind2="1">
    <subfield code="a">RU</subfield>
    <subfield code="b">NLR</subfield>
    <subfield code="c">19990916</subfield>
  </datafield>
  <datafield tag="852" ind1=" " ind2=" ">
    <subfield code="a">NLR</subfield>
    <subfield code="j">99-7/1558</subfield>
  </datafield>
  <datafield tag="942" ind1=" " ind2=" ">
    <subfield code="c">BOOK</subfield>
  </datafield>
  <datafield tag="980" ind1=" " ind2=" ">
    <subfield code="a">NB</subfield>
  </datafield>
  <datafield tag="995" ind1=" " ind2=" ">
    <subfield code="5">2013-10-26</subfield>
    <subfield code="b">NLR01</subfield>
    <subfield code="c">NLR01</subfield>
    <subfield code="e">RF8</subfield>
    <subfield code="f">46422-10</subfield>
    <subfield code="k">99-7/1558</subfield>
    <subfield code="o">0</subfield>
    <subfield code="r">BOOK</subfield>
    <subfield code="s">9971558_</subfield>
  </datafield>
</record>
